[Event "e2e4 London Gatwick"]
[Site "Crawley ENG"]
[Date "2016.02.20"]
[Round "2"]
[White "Purdon,C"]
[Black "Jackson,J"]
[Result "0-1"]
[WhiteElo "2073"]
[BlackElo "2355"]

1.d4 Nf6 2.c4 c5 3.d5 e6 4.Nc3 exd5 5.cxd5 d6 6.Nf3 g6 7.Nd2 Bg7 8.e4 O-O
9.Be2 Nbd7 10.O-O a6 11.a4 Rb8 12.Nc4 Ne8 13.Bf4 Qe7 14.f3 Bd4+ 15.Kh1 Ne5
16.Qd2 f5 17.Nb6 Ng7 18.Bg5 Qc7 19.Nxc8 Rbxc8 20.exf5 gxf5 21.f4 Ng4 22.Bxg4 fxg4
23.Rae1 Nf5 24.Re6 h6 25.Rxh6 Nxh6 26.Bxh6 Rf6 27.Bg5 Rf7 28.Re1 Rh7 29.Qd3 Qf7
30.Re6 Rf8 31.Ne4 Qf5 32.Qd1 Qxd5 33.Qxg4 Rg7 34.h4 Qc4 35.Rxd6 Qf1+ 36.Kh2 Qg1+
37.Kh3 Qh1+ 38.Kg3 Qe1+  0-1

[Event "ch-CHI 2016"]
[Site "Valdivia CHI"]
[Date "2016.02.29"]
[Round "1.5"]
[White "Abarca Gonzalez,N"]
[Black "Lopez Silva,H"]
[Result "0-1"]
[WhiteElo "2391"]
[BlackElo "2419"]

1.d4 Nf6 2.c4 c5 3.d5 e6 4.Nc3 exd5 5.cxd5 d6 6.Nf3 g6 7.Qa4+ Nbd7 8.Bf4 a6
9.e4 Rb8 10.Be2 b5 11.Qc2 Nh5 12.Bg5 Qc7 13.O-O Bg7 14.a4 b4 15.Nd1 b3 16.Qc1 O-O
17.Nd2 Nhf6 18.a5 Re8 19.f3 Nxd5 20.Bc4 Nb4 21.Bxb3 Ne5 22.Ra3 Bd7 23.Nc4 Bb5
24.Nxe5 Rxe5 25.Bh4 Rh5 26.Bg3 Bd4+ 27.Bf2 d5 28.g3 Nd3 29.Qd2 Nxf2 30.Rxf2 Bxf2+
31.Nxf2 dxe4 32.Nxe4 Rf5 33.Bc2 Bc6 34.g4 Rf4 35.Rc3 Bxe4 36.Bxe4 Qe5 37.b3 Rb4
38.h3 Rf6 39.Kg2 Rd4 40.Qc1 Rfd6 41.Rc2 f5 42.Qg5 Rd1  0-1

[Event "Vladimir Petrov Mem 2016"]
[Site "Jurmala LAT"]
[Date "2016.03.06"]
[Round "12.7"]
[White "Dobrov,V"]
[Black "Kantans,T"]
[Result "0-1"]
[WhiteElo "2523"]
[BlackElo "2496"]

1.d4 Nf6 2.c4 c5 3.d5 e6 4.Nc3 exd5 5.cxd5 d6 6.Nf3 g6 7.Bf4 a6 8.e4 Bg7
9.Qa4+ Bd7 10.Qb3 Bc8 11.a4 O-O 12.Be2 Nh5 13.Be3 Nd7 14.Nd2 Ne5 15.h3 Qh4
16.g3 Nxg3 17.fxg3 Qxg3+ 18.Bf2 Qg2 19.Rg1 Qxh3 20.Rg3 Qd7 21.O-O-O b5 22.axb5 axb5
23.Bxb5 Qe7 24.Nc4 Ba6 25.Bxa6 Rxa6 26.Kc2 Nxc4 27.Qxc4 Rb6 28.Be3 Rb4 29.Qd3 c4
30.Qd2 Rfb8 31.Rb1 Bxc3 32.Qxc3 Qxe4+ 33.Kc1 Rb3 34.Qd4 Qxd4  0-1

[Event "FSIM March 2016"]
[Site "Budapest HUN"]
[Date "2016.03.08"]
[Round "4.5"]
[White "Krstulovic,Alex"]
[Black "Klasan,V"]
[Result "1/2-1/2"]
[WhiteElo "2315"]
[BlackElo "2415"]

1.d4 Nf6 2.c4 c5 3.d5 e6 4.Nc3 exd5 5.cxd5 d6 6.Nf3 g6 7.Nd2 Bg7 8.e4 O-O
9.Be2 Re8 10.O-O a6 11.a4 Nbd7 12.Qc2 Ne5 13.Ra3 g5 14.Re1 h6 15.Nd1 Ng6
16.g3 Qe7 17.Nc3 Ng4 18.h3 N4e5 19.Bf1 Rf8 20.Bg2 Bd7 21.a5 c4 22.Nd1 Nd3
23.Rf1 Rac8 24.Nxc4 Nge5 25.b3 f5 26.Ndb2 fxe4 27.Nxd3 exd3 28.Qd1 Nxc4 29.bxc4 Bf5
30.Rxd3 Rxc4 31.Rd2 Rc5 32.Re1 Qc7 33.g4 Bc2 34.Qe2 Bg6 35.Ba3 Re8 36.Qxe8+ Bxe8
37.Bxc5 Bb5 38.Bb6 Qc3 39.Rdd1 Be5 40.Rc1 Qd2 41.Rc8+ Kf7 42.Rec1 Bg7 43.Be3 Qb2
44.R1c7+ Kf6 45.Rd8 Qa1+ 46.Kh2 Qe5+ 47.Kg1 Qa1+  1/2-1/2

[Event "6th HD Bank Cup 2016"]
[Site "Ho Chi Minh City VIE"]
[Date "2016.03.08"]
[Round "1.18"]
[White "Praveen Kumar,C1"]
[Black "Pascua,H"]
[Result "1-0"]
[WhiteElo "2240"]
[BlackElo "2435"]

1.d4 Nf6 2.c4 c5 3.d5 e6 4.Nc3 exd5 5.cxd5 d6 6.Nf3 g6 7.g3 Bg7 8.Bg2 O-O
9.O-O a6 10.a4 Re8 11.Nd2 Nbd7 12.h3 Rb8 13.Nc4 Qc7 14.a5 b5 15.axb6 Nxb6
16.Na5 Ra8 17.e4 Nfd7 18.f4 c4 19.Be3 Nc5 20.Kh2 Bd7 21.e5 Bf8 22.Bxc5 Qxc5
23.Ne4 Qb4 24.Nf6+ Kh8 25.Nxe8 Rxe8 26.Nc6 Qb5 27.Qd4 Bxc6 28.dxc6 d5 29.f5 Bc5
30.Qh4 Be7 31.Qg4 Qxc6 32.e6 fxe6 33.fxg6 e5 34.gxh7  1-0

[Event "6th HD Bank Cup 2016"]
[Site "Ho Chi Minh City VIE"]
[Date "2016.03.08"]
[Round "2.11"]
[White "Swapnil,SD"]
[Black "Praveen Kumar,C1"]
[Result "1-0"]
[WhiteElo "2500"]
[BlackElo "2240"]

1.d4 e6 2.c4 c5 3.d5 exd5 4.cxd5 d6 5.Nc3 Nf6 6.Nf3 g6 7.Bf4 a6 8.a4 Bg7
9.h3 O-O 10.e3 Qe7 11.Be2 Nbd7 12.O-O Ne8 13.Qc2 Rb8 14.Rfd1 Ne5 15.Nd2 Bd7
16.a5 Nc7 17.Bg3 f5 18.f4 Nf7 19.Nc4 Bb5 20.Bf2 Bxc4 21.Bxc4 b5 22.axb6 Rxb6
23.Ra5 Rfb8 24.b3 Nb5 25.Ne2 Re8 26.Rxa6 Rxa6 27.Bxb5 Rb6 28.Bxe8 Qxe8 29.Ng3 Qb5
30.Rd3 Ra6 31.e4 fxe4 32.Nxe4 Ra1+ 33.Kh2 Qb4 34.Rf3 Bd4 35.Qd3 Bxf2 36.Rxf2 Qe1
37.Re2 Qf1 38.Nf6+ Kg7 39.Ne8+ Kf8 40.Qe4 Rd1 41.Qe7+ Kg8 42.Nf6+ Kg7 43.Nd7 Qg1+
44.Kg3 Rd3+ 45.Kh4  1-0

[Event "6th HD Bank Cup 2016"]
[Site "Ho Chi Minh City VIE"]
[Date "2016.03.09"]
[Round "3.17"]
[White "Vo Dai Hoai Duc"]
[Black "Cao,S"]
[Result "1/2-1/2"]
[WhiteElo "2248"]
[BlackElo "2430"]

1.d4 e6 2.c4 c5 3.d5 exd5 4.cxd5 d6 5.Nc3 Nf6 6.Nf3 g6 7.Bf4 a6 8.a4 Bg7
9.e3 O-O 10.h3 Qe7 11.Bd3 Nbd7 12.O-O Nh5 13.Bg5 Nhf6 14.Bf4 Re8 15.Re1 Nh5
16.Bg5 Bf6 17.Bxf6 Nhxf6 18.Qd2 Rb8 19.Rab1 Ne5 20.Nxe5 Qxe5 21.f4 Qh5 22.Qf2 Bd7
23.e4 Qh6 24.e5 Nh5 25.Rf1 Bf5 26.Bxf5 gxf5 27.g4 Ng7 28.Qg3 Kh8 29.Rbe1 b5
30.axb5 axb5 31.Nd1 Rg8 32.Ne3 Rbe8 33.Kh2 c4 34.gxf5 dxe5 35.Ng4 exf4 36.Nxh6 fxg3+
37.Kg2 Rgf8 38.f6 Rxe1 39.Rxe1 Nh5 40.Nxf7+ Kg8 41.Nh6+ Kh8 42.Nf7+ Kg8 43.Nh6+ Kh8
44.f7 Nf4+  1/2-1/2

[Event "6th HD Bank Cup 2016"]
[Site "Ho Chi Minh City VIE"]
[Date "2016.03.10"]
[Round "4.22"]
[White "Le Tuan Minh"]
[Black "Praveen Kumar,C1"]
[Result "1-0"]
[WhiteElo "2444"]
[BlackElo "2240"]

1.d4 e6 2.c4 c5 3.d5 exd5 4.cxd5 d6 5.Nc3 Nf6 6.Nf3 g6 7.Bf4 a6 8.a4 Bg7
9.h3 O-O 10.e3 Qe7 11.Be2 Nbd7 12.O-O Ne8 13.Nd2 Ne5 14.a5 Rb8 15.Qb3 f5
16.Bg3 Nc7 17.Rfe1 g5 18.Bxe5 Bxe5 19.Nc4 g4 20.Nxe5 Qxe5 21.Bf1 Bd7 22.g3 Ne8
23.h4 Nf6 24.Bg2 Rfc8 25.Rad1 Ne4 26.Bxe4 fxe4 27.Ra1 Rf8 28.Ne2 Bb5 29.Nf4 b6
30.Qd1 Bd7 31.Qe2 bxa5 32.Rxa5 Bc8 33.Ra2 Rf7 34.Rc1 Rfb7 35.Qxa6 Rxb2 36.Qa5 Rxa2
37.Qxa2 Qb2 38.Qxb2 Rxb2 39.Ra1 Bb7 40.Kf1 Kf7 41.Ke1 Kf6 42.h5 Ke5 43.Ra7 c4
44.h6 Rb5 45.Kd2 Rb3 46.Kc2 Kf6 47.Ra4 Rb5 48.Rxc4 Bxd5 49.Rc7 Bf7 50.Rd7 Rc5+
51.Kd2 Rc6 52.Ne2 Kg6 53.Nf4+ Kf6 54.Ne2 Kg6 55.Nc3 Be6 56.Re7 d5 57.Ne2 Bc8
58.Re5 Ra6 59.Kc3 Ra2 60.Nf4+ Kxh6 61.Rh5+ Kg7 62.Rh2 Bb7 63.Kd4 Kg8 64.Ke5 Kg7
65.Ne6+ Kg8 66.Nd4 Ra6 67.Nf5 Kh8 68.Rh1 Bc8 69.Nd6 Bd7 70.Rb1 Kg8 71.Rb8+  1-0

[Event "6th HD Bank Cup 2016"]
[Site "Ho Chi Minh City VIE"]
[Date "2016.03.11"]
[Round "6.27"]
[White "Vo Thi Kim Phung"]
[Black "Praveen Kumar,C1"]
[Result "1/2-1/2"]
[WhiteElo "2148"]
[BlackElo "2240"]

1.d4 e6 2.c4 c5 3.d5 exd5 4.cxd5 d6 5.Nc3 Nf6 6.Nf3 g6 7.Nd2 Bg7 8.Nc4 O-O
9.Bf4 Nbd7 10.e3 Nb6 11.Bxd6 Nxc4 12.Bxf8 Nxb2 13.Qd2 Qxf8 14.Rb1 Bf5 15.Rxb2 Ne4
16.Nxe4 Bxb2 17.Bd3 Bg7 18.Ng3 Bxd3 19.Qxd3 c4 20.Qxc4 Rc8 21.Qb3 Rc1+ 22.Ke2 Rc3
23.Qxb7 Rc2+ 24.Kf3 Qd6 25.Ne4 Qe5 26.Qa8+ Bf8 27.d6 Kg7 28.g3 Bxd6 29.Kg2 Rxa2
30.Rd1 Bc5 31.Nxc5 Qxc5 32.Qe4 Qb6 33.Qc4 Qa6 34.Qd5 Ra5 35.Qe4 Qf6 36.Rd2 Rc5
37.Qb4 Qc6+ 38.f3 Rc4 39.Qb2+ Qf6 40.Qa2 Qc3 41.Rd7 a5 42.e4 a4 43.Ra7 Qc1
44.Kh3 Qf1+ 45.Qg2 Qb1 46.Qd2 Qb5 47.Qd5 Qxd5 48.exd5 Kf6 49.d6 Rd4 50.d7 Ke7
51.f4 f5 52.Kh4 h6 53.Kh3 Kd8 54.Kh4 Rd2 55.Kh3 Ra2 56.g4 a3 57.gxf5 gxf5
58.Kg3 Ke7 59.h3 Ra1 60.Kh4 Rf1 61.Rxa3 Rxf4+ 62.Kh5 Kxd7 63.Kxh6 Rf1 64.Kg5 f4
65.Kg4 Ke6 66.Rf3 Rxf3 67.Kxf3 Kf5 68.h4 Ke5 69.h5 Kf5 70.h6  1/2-1/2

[Event "6th HD Bank Cup 2016"]
[Site "Ho Chi Minh City VIE"]
[Date "2016.03.12"]
[Round "7.24"]
[White "Vo Thi Kim Phung"]
[Black "Pitra,Andika"]
[Result "0-1"]
[WhiteElo "2148"]
[BlackElo "2277"]

1.d4 e6 2.c4 Nf6 3.Nf3 c5 4.d5 exd5 5.cxd5 d6 6.Nc3 g6 7.Nd2 Bg7 8.Nc4 O-O
9.Bf4 Ne8 10.a4 b6 11.h4 Ba6 12.e3 Bxc4 13.Bxc4 Nd7 14.g4 Ne5 15.Be2 a6 16.Bg3 Qe7
17.Ra3 Nc7 18.f4 Nd7 19.Bf2 b5 20.axb5 axb5 21.Rxa8 Rxa8 22.Nxb5 Nxb5 23.Bxb5 Rb8
24.Be2 Rxb2 25.O-O Nf6 26.Bf3 Ne4 27.Be1 h6 28.Qd3 Nf6 29.Bc3 c4 30.Qd4 Rb3
31.e4 Qc7 32.g5 hxg5 33.hxg5 Nh5 34.e5 Rxc3 35.Qxc3 Nxf4 36.Qe3 Bxe5 37.Kf2 Qe7
38.Rh1 Kg7 39.Qe4 Qa7+ 40.Kf1 Qa1+ 41.Qe1 Qa3 42.Be2 Qe3 43.Qf2 Qd2 44.Bf3 Qd3+
45.Be2 Qe4 46.Bf3 Qb1+ 47.Qe1 Qd3+ 48.Kf2 Bd4+ 49.Kg3 Be5 50.Kf2 Qc2+ 51.Kf1 Qf5
52.Qh4 Kf8 53.Qg4 Qd3+ 54.Kf2 Qd2+ 55.Kf1 Qc1+ 56.Kf2 Nd3+ 57.Kg2 Qxh1+ 58.Kxh1 Nf2+
59.Kg2 Nxg4 60.Bxg4 Bf4 61.Kf2 Bxg5 62.Bd1 Bf6 63.Ke3 Be5 64.Be2 c3 65.Bd3 f5
66.Bb5 Kg7 67.Ba4 Kf6 68.Bd1 g5 69.Bb3 g4 70.Bd1 f4+ 71.Ke4 Kg5 72.Kd3 Kh4
73.Ke2 Kg3 74.Kf1 f3 75.Ba4 Kf4  0-1

[Event "UT Dallas Spring Break"]
[Site "Dallas USA"]
[Date "2016.03.13"]
[Round "4.2"]
[White "Troff,Kayden W"]
[Black "Indjic,A"]
[Result "1-0"]
[WhiteElo "2528"]
[BlackElo "2542"]

1.d4 Nf6 2.c4 c5 3.d5 e6 4.Nc3 exd5 5.cxd5 d6 6.Nf3 g6 7.Bf4 a6 8.a4 Bg7
9.h3 O-O 10.e3 Qe7 11.Be2 Nbd7 12.O-O Ne8 13.Re1 Ne5 14.e4 Nxf3+ 15.Bxf3 g5
16.Bh2 Be5 17.Bxe5 Qxe5 18.Qd2 Nf6 19.Ne2 Bd7 20.a5 h5 21.Ng3 g4 22.Bd1 Rae8
23.Qh6 gxh3 24.gxh3 Nh7 25.Qxh5 f5 26.Ba4 Bxa4 27.Rxa4 f4 28.Qxe5 Rxe5 29.Nf1 Nf6
30.Nd2 Rfe8 31.Kg2 Rxd5 32.exd5 Rxe1 33.Rxf4 Nxd5 34.Re4 Rd1 35.Nc4 Nb4 36.Ne3 Rd2
37.Nc4 Rd1 38.Ne3 Rb1 39.Re7 Rxb2 40.Rxb7 Rd2 41.Rd7 Rd3 42.h4 Nd5 43.Nxd5 Rxd5
44.Ra7 Rd3 45.Rxa6 Kf7 46.Ra8 Ra3 47.a6 c4 48.a7 c3 49.Rc8 Rxa7 50.Rxc3 Ke6
51.Rg3 Kf5 52.Rg5+ Kf4 53.Rd5 Rg7+ 54.Kh3 Rg1 55.Rxd6 Kf5 56.Rd5+ Kf6 57.Rd3 Rh1+
58.Kg4 Ra1 59.h5 Rh1 60.Rh3 Rg1+ 61.Kf4 Ra1 62.h6 Ra4+ 63.Kg3 Ra3+ 64.f3 Ra8
65.h7 Rh8 66.Kg4 Kg6 67.f4 Kf6 68.f5 Kf7 69.Kg5 Kg7 70.f6+ Kf7 71.Rh1  1-0

[Event "UT Dallas Spring Break"]
[Site "Dallas USA"]
[Date "2016.03.16"]
[Round "10.2"]
[White "Xiong,Jeffery"]
[Black "Indjic,A"]
[Result "1-0"]
[WhiteElo "2609"]
[BlackElo "2542"]

1.d4 Nf6 2.c4 c5 3.d5 e6 4.Nc3 exd5 5.cxd5 d6 6.Nf3 g6 7.Bf4 Bg7 8.Qa4+ Bd7
9.Qb3 b5 10.Bxd6 Qb6 11.Be5 O-O 12.e3 c4 13.Qd1 b4 14.Ne2 Qa5 15.Nf4 c3 16.Be2 Rc8
17.O-O Ba4 18.b3 Be8 19.a3 bxa3 20.Qc1 Nbd7 21.Rxa3 Qb4 22.Ra4 Qxb3 23.Ra3 Qb2
24.Qxb2 cxb2 25.Bxb2 Nxd5 26.Nxd5 Bxb2 27.Rxa7 Rxa7 28.Ne7+ Kf8 29.Nxc8 Ra1
30.Nd6 Nb6 31.Rxa1 Bxa1 32.Bb5 Bd7 33.Bxd7 Nxd7 34.g4 Ke7 35.Ne4 h6 36.Ne1 Ne5
37.h3 f5 38.gxf5 gxf5 39.Ng3 Bc3 40.Ng2 Nf3+ 41.Kf1 Kf6 42.Ke2 Ng1+ 43.Kd3 Nxh3
44.Kxc3 Nxf2 45.Nf4 h5 46.Ngxh5+ Kg5 47.Kd2 Ng4 48.Ke2 Nxe3 49.Kxe3 Kh6 50.Nf6 Kg5
51.Nd7 Kh6 52.Nc5 Kg5 53.Nce6+ Kf6 54.Kd4 Ke7 55.Ke5 Kd7 56.Kd5 Ke7 57.Kc6 Kf7
58.Kd7 Kf6 59.Kd6 Kf7 60.Nd4 Kf6 61.Nf3 Kf7 62.Kd7 Kf6 63.Ke8 Kg7 64.Ke7 Kg8
65.Ng5 Kg7 66.Nge6+ Kg8 67.Kf6 Kh7 68.Kg5  1-0

[Event "ch-AZE w 2016"]
[Site "Baku AZE"]
[Date "2016.03.17"]
[Round "3.9"]
[White "Beydullayeva,Govhar"]
[Black "Ibrahimova,S"]
[Result "0-1"]
[WhiteElo "1870"]
[BlackElo "2199"]

1.d4 Nf6 2.c4 c5 3.d5 e6 4.Nc3 exd5 5.cxd5 d6 6.Nf3 g6 7.Bf4 Bg7 8.Qa4+ Bd7
9.Qb3 Qc7 10.h3 O-O 11.Nd2 b5 12.Nde4 c4 13.Nxf6+ Bxf6 14.Qa3 Re8 15.Qxd6 Qxd6
16.Bxd6 a5 17.Rc1 Na6 18.e3 Rac8 19.Be2 Nc5 20.O-O b4 21.Nd1 Nd3 22.Bxd3 cxd3
23.Rc7 Bb5 24.f3 Rcd8 25.Rc5 Ba6 26.Bc7 Rd7 27.d6 Re5 28.Rc6 Bb5 29.Rb6 a4
30.Rb8+ Kg7 31.Rf2 Rc5 32.f4 Bh4 33.g3 Bxg3 34.Rd2 Rc2 35.Rg2 Rc1 36.Rd2 Be1
37.Rxb5 Bxd2 38.Kf2 Rxd1 39.Re5 Kf6 40.Re7 Rxe7 41.Bd8 Ke6  0-1

[Event "TCh-CZE 1 Liga Zapad"]
[Site "Czech Republic CZE"]
[Date "2016.03.20"]
[Round "10.8"]
[White "Novak,Rad"]
[Black "Borkovec,M"]
[Result "0-1"]
[WhiteElo "2145"]
[BlackElo "2223"]

1.d4 Nf6 2.c4 c5 3.d5 e6 4.Nc3 exd5 5.cxd5 d6 6.Nf3 g6 7.Nd2 Bg7 8.Nc4 O-O
9.Bf4 Ne8 10.Qd2 b6 11.e4 Ba6 12.a4 Qe7 13.Bg5 f6 14.Be3 Nd7 15.Bd3 Nc7 16.O-O Bxc4
17.Bxc4 Ne5 18.Be2 a6 19.Rab1 b5 20.axb5 axb5 21.Nxb5 Nxb5 22.Bxb5 Rab8 23.Be2 Rb4
24.f3 Rfb8 25.Rfc1 f5 26.Bg5 Qd7 27.exf5 Rxb2 28.Rxb2 Rxb2 29.Qd1 Qxf5 30.Bh4 Qf4
31.Bf2 Rxe2 32.Rb1 Qd2 33.Qf1 Nd3 34.Rb8+ Bf8 35.Bg3 Qe3+ 36.Kh1 Nf2+ 37.Bxf2 Qxf2  0-1

[Event "74th ch-Urals 2016"]
[Site "Khanty-Mansiysk RUS"]
[Date "2016.03.23"]
[Round "1.3"]
[White "Kryakvin,D"]
[Black "Korolkov,E"]
[Result "1-0"]
[WhiteElo "2529"]
[BlackElo "1999"]

1.d4 Nf6 2.c4 e6 3.Nf3 c5 4.d5 exd5 5.cxd5 d6 6.Nc3 g6 7.Nd2 Bg7 8.Nc4 O-O
9.Bf4 Na6 10.g3 Nh5 11.Bd2 Re8 12.Bg2 Nb4 13.O-O Bg4 14.f3 Bc8 15.a3 b5 16.Nxb5 Nxd5
17.Nbxd6 Bd4+ 18.Kh1 Re3 19.Nxe3 Nxg3+ 20.hxg3 Qxd6 21.Nxd5 Qxd5 22.e3 Qh5+
23.Kg1 Bxb2 24.Rb1 Rb8 25.Bc3  1-0

[Event "Pobeskydi GM 2016"]
[Site "Frydek Mistek CZE"]
[Date "2016.03.25"]
[Round "6.4"]
[White "Kociscak,J"]
[Black "Diermair,A"]
[Result "0-1"]
[WhiteElo "2485"]
[BlackElo "2450"]

1.d4 Nf6 2.c4 e6 3.Nf3 c5 4.d5 exd5 5.cxd5 d6 6.Nc3 g6 7.Nd2 Nbd7 8.e4 Bg7
9.Be2 O-O 10.O-O Re8 11.Re1 Ne5 12.h3 g5 13.Nf3 Nxf3+ 14.Bxf3 Nd7 15.Bg4 Qf6
16.Qa4 Rd8 17.Rf1 Nf8 18.Bxc8 Rdxc8 19.Ne2 Ng6 20.Ng3 Re8 21.Nf5 a6 22.Qc2 Ne7
23.Nxg7 Kxg7 24.Bd2 Ng6 25.Bc3 Ne5 26.g3 Qf3 27.Rae1 f6 28.Re3 Qh5 29.f4 Nd7
30.Ref3 g4 31.hxg4 Qxg4 32.Kg2 Qg6 33.Re3 b5 34.b3 Re7 35.Rfe1 Kf7 36.Qf2 Kg8
37.Qe2 Rae8 38.Kf2 Nb6 39.Qf3 b4 40.Bb2 a5 41.g4 h6 42.Qg2 Nxd5  0-1

[Event "9th Montalvo Mem 2016"]
[Site "Las Palmas ESP"]
[Date "2016.03.25"]
[Round "7.5"]
[White "Kohlweyer,B"]
[Black "Garcia Blanco,O"]
[Result "1-0"]
[WhiteElo "2390"]
[BlackElo "2272"]

1.d4 Nf6 2.c4 c5 3.d5 e6 4.Nc3 exd5 5.cxd5 d6 6.Nf3 g6 7.Bf4 a6 8.e4 b5 9.Be2 Bg7
10.e5 dxe5 11.Nxe5 Nbd7 12.Nc6 Qb6 13.O-O O-O 14.a4 b4 15.a5 Qb7 16.Na4 Re8
17.Re1 Re4 18.Bg3 Nxd5 19.Qxd5 Nf6 20.Qd8+ Re8 21.Qb6 Nd7 22.Qxb7 Bxb7 23.Bf3 Kh8
24.Kf1 g5 25.Rxe8+ Rxe8 26.Rd1 g4 27.Bxg4 Bxc6 28.Bxd7 Rd8 29.Nxc5 Bb5+ 30.Ke1 Bc4
31.Bc7 Rg8 32.Rd2 Bf6 33.f4 b3 34.Ne4 Bg7 35.Nd6  1-0

[Event "ch-URU 2016"]
[Site "Montevideo URU"]
[Date "2016.04.01"]
[Round "1.4"]
[White "Lopez Azambuja,N"]
[Black "Muniz,R"]
[Result "1/2-1/2"]
[WhiteElo "2244"]
[BlackElo "2241"]

1.d4 Nf6 2.c4 e6 3.Nf3 c5 4.d5 exd5 5.cxd5 d6 6.Nc3 g6 7.Bf4 Bg7 8.h3 O-O
9.e3 a6 10.a4 Ne8 11.Nd2 Nd7 12.Be2 Ne5 13.O-O Qe7 14.Qc2 f5 15.Bg3 Bd7 16.Qb3 Rb8
17.Bxa6 g5 18.f4 Ng6 19.Rae1 g4 20.Bd3 gxh3 21.gxh3 Qf7 22.Nc4 Kh8 23.Kh2 Ne7
24.Nb6 Nf6 25.Rd1 Qh5 26.Kg2 Rg8 27.Be2 Qg6 28.Rg1 Qf7 29.Bf3 Nc8 30.Nc4 Ne4
31.Nxe4 fxe4 32.Bg4 Bf5 33.Kh2 Bxg4 34.hxg4 Qg6 35.Bf2 Ne7 36.Rg3 Bf8 37.Be1 h6
38.Bc3+ Kh7 39.Rdg1 Nxd5 40.Ne5 dxe5 41.Qxd5 exf4 42.exf4 Bd6 43.Kg2 Rbf8
44.Be5 Bxe5 45.Qxe5 Rd8 46.Re1 Rge8 47.Qxc5 Rd2+ 48.Kg1 Rxb2 49.Qd4 Qb6 50.Qxb6 Rxb6
51.Rc3  1/2-1/2

[Event "73rd ch-GEO w 2016"]
[Site "Tbilisi GEO"]
[Date "2016.04.02"]
[Round "8.4"]
[White "Lomineishvili,M"]
[Black "Melia,S"]
[Result "1/2-1/2"]
[WhiteElo "2365"]
[BlackElo "2452"]

1.d4 Nf6 2.c4 e6 3.Nc3 c5 4.d5 exd5 5.cxd5 d6 6.Nf3 g6 7.Qa4+ Nbd7 8.Bf4 a6
9.e4 Rb8 10.Be2 b5 11.Qc2 Qe7 12.Nd2 Bg7 13.a4 b4 14.Nd1 O-O 15.O-O Re8 16.Re1 Bb7
17.h3 Nxe4 18.Bf3 f5 19.Nxe4 fxe4 20.Rxe4 Qf8 21.Bg4 Bxd5 22.Rxe8 Rxe8 23.Ne3 Bc6
24.Qc4+ Kh8 25.Bxd7 Bxd7 26.Rd1 Bxa4 27.Bxd6 Qg8 28.Rd5 Bb5 29.Qxc5 Bxb2
30.Qxb4 Bg7 31.Rd1 Rd8 32.Rc1 Qe6 33.Be7 Rc8 34.Rxc8+ Qxc8 35.Qd6 Qd7 36.Qb8+ Qe8
37.Qd6 Qc6 38.Qd8+ Qe8 39.Qd6  1/2-1/2

[Event "ch-URU 2016"]
[Site "Montevideo URU"]
[Date "2016.04.03"]
[Round "3.3"]
[White "Lopez Falcon,J"]
[Black "Rodi,L"]
[Result "0-1"]
[WhiteElo "2164"]
[BlackElo "2344"]

1.d4 Nf6 2.Nf3 e6 3.c4 c5 4.d5 exd5 5.cxd5 d6 6.Nc3 g6 7.e4 Bg7 8.Be2 O-O
9.O-O Re8 10.Nd2 Nbd7 11.a4 Ne5 12.Qc2 a6 13.h3 g5 14.Ra3 g4 15.f4 Ng6 16.f5 Ne5
17.Nd1 h5 18.Nf2 Bd7 19.Qd1 b5 20.hxg4 hxg4 21.Bxg4 bxa4 22.Be2 Bb5 23.Rg3 Kf8
24.Nb1 Bh8 25.Nc3 Qb6 26.Rh3 Ke7 27.Nxa4 Bxa4 28.Qxa4 Rg8 29.Rb3 Qa7 30.Bf4 Nfd7
31.Ra1 c4 32.Be3 Nc5 33.Bxc5 Qxc5 34.Rb7+ Kf6 35.Qb4 Qxb4 36.Rxb4 Rgb8 37.Raa4 a5
38.Rxb8 Rxb8 39.Nd1 Nd3 40.Rxa5  0-1

[Event "ch-ROU 2016"]
[Site "Olanesti ROU"]
[Date "2016.04.03"]
[Round "2.1"]
[White "Lupulescu,C"]
[Black "Dolana,A"]
[Result "0-1"]
[WhiteElo "2624"]
[BlackElo "2346"]

1.d4 Nf6 2.c4 e6 3.Nf3 c5 4.d5 exd5 5.cxd5 d6 6.Nc3 g6 7.Nd2 Bg7 8.e4 O-O
9.Be2 a6 10.a4 Nbd7 11.O-O Ne8 12.Nc4 Ne5 13.Ne3 f5 14.f4 Nf7 15.exf5 gxf5
16.Bd3 Nh6 17.Qc2 Bd7 18.Ne2 Qe7 19.Kh1 Nf6 20.Ng3 Ne4 21.Bxe4 fxe4 22.Nxe4 Bd4
23.Ng5 Ng4 24.Nxg4 Qxg5 25.Rf3 Qxd5 26.Ne3 Rae8 27.Bd2 Qe4 28.Qc1 Rxf4 29.Rxf4 Qxf4
30.Nc2 Qe4 31.Nxd4 cxd4 32.Bb4 Bc6 33.Qd2 d3 34.h3 Qg6  0-1

[Event "European Small Nations"]
[Site "Luxembourg LUX"]
[Date "2016.04.05"]
[Round "5.5"]
[White "Berend,F"]
[Black "Frick,R"]
[Result "1-0"]
[WhiteElo "2340"]
[BlackElo "2049"]

1.d4 Nf6 2.Nf3 e6 3.c4 c5 4.d5 exd5 5.cxd5 d6 6.Nc3 Be7 7.g3 O-O 8.Bg2 Re8
9.O-O Nbd7 10.Qc2 Rb8 11.a4 b6 12.Nd2 a6 13.Nc4 Ne5 14.b3 Bd7 15.Nxe5 dxe5
16.Rd1 Bd6 17.Bf1 h6 18.e4 Qc8 19.f3 Qb7 20.Be3 Rec8 21.Ra2 Ne8 22.Qf2 Ra8
23.Rc1 Rc7 24.Be2 Kh7 25.Kh1 f5 26.Bd3 g6 27.Qd2 Bf8 28.f4 exf4 29.Bxf4 Rcc8
30.Qg2 Nf6 31.Rd2 Nh5 32.e5 Bg7 33.Be2 Re8 34.Bxh5 gxh5 35.e6 Bc8 36.Nd1 Bd4
37.Rxd4 cxd4 38.Rc7+ Re7 39.Rxb7 Bxb7 40.Bd6 Rxe6 41.dxe6 Bxg2+ 42.Kxg2 Kg6
43.Nb2 Kf6 44.e7 Rc8 45.Nd3 Ke6 46.Bb4 a5 47.Ba3 Kd5 48.Kf3 Rg8 49.h4 Rc8
50.Nf4+ Ke5 51.Nxh5 Rc3+ 52.Kf2 Rc2+ 53.Kf1 Rc8 54.Ng7  1-0

[Event "TCh-SVK 2015-16"]
[Site "Slovakia SVK"]
[Date "2016.04.08"]
[Round "9.6"]
[White "Sahidi,Samir"]
[Black "Likavsky,T"]
[Result "0-1"]
[WhiteElo "2244"]
[BlackElo "2437"]

1.d4 Nf6 2.Nf3 e6 3.c4 c5 4.d5 exd5 5.cxd5 d6 6.Nc3 g6 7.e4 Bg7 8.Be2 O-O
9.O-O Re8 10.Nd2 a6 11.a4 Nbd7 12.f3 Nh5 13.g3 Rb8 14.a5 Qe7 15.f4 Bd4+ 16.Kg2 Ndf6
17.Bf3 b5 18.axb6 Rxb6 19.Re1 Ng7 20.e5 Nf5 21.Nc4 Rb4 22.Qe2 Qd7 23.Qf1 Rxc4
24.e6 fxe6 25.dxe6 Qxe6 26.Rxe6 Bxe6 27.Ra4 Rxa4 28.Nxa4 Be3 29.Nc3 d5 30.Qd1 Kg7
31.Ne2 d4 32.Bd2 Rb8 33.Qc1 Bxd2 34.Qxd2 Ne3+ 35.Kg1 Nc4 36.Qe1 Bf7 37.b4 d3
38.Nc3 cxb4 39.Ne4 Nxe4 40.Qxe4 Rd8 41.Qe7 Rd6 42.f5 b3 43.Qe1 b2 44.Kf2 gxf5
45.g4 fxg4 46.Bxg4 Rb6  0-1

[Event "TCh-CZE 1 Liga Vychod"]
[Site "Czech Republic CZE"]
[Date "2016.04.10"]
[Round "11.5"]
[White "Obsivac,J"]
[Black "Mrva,Mare"]
[Result "1-0"]
[WhiteElo "2326"]
[BlackElo "2205"]

1.d4 Nf6 2.c4 c5 3.d5 e6 4.Nc3 exd5 5.cxd5 d6 6.Nf3 g6 7.Nd2 Bg7 8.e4 O-O
9.Be2 Re8 10.O-O b6 11.Bb5 Bd7 12.Bd3 Bc8 13.Re1 a6 14.a4 Nbd7 15.f4 Nh5
16.Nf3 Ndf6 17.Bc4 Bh6 18.e5 Nd7 19.e6 Ndf6 20.Ng5 Ra7 21.g4 Ng7 22.Nxf7 Rxf7
23.exf7+ Kxf7 24.Rxe8 Ngxe8 25.g5 Ng4 26.Be2 Bg7 27.Bxg4  1-0

[Event "12th Heviz Open 2016"]
[Site "Heviz HUN"]
[Date "2016.04.11"]
[Round "6.5"]
[White "Hardicsay,P"]
[Black "Nagy,Ervin1"]
[Result "1/2-1/2"]
[WhiteElo "2249"]
[BlackElo "2214"]

1.d4 Nf6 2.c4 c5 3.d5 e6 4.Nc3 d6 5.Nf3 exd5 6.cxd5 g6 7.Bf4 a6 8.e4 Nh5
9.Bg5 Be7 10.Bh6 Bf8 11.Bg5 Be7 12.Bh6 Bf8 13.Be3 Bg7 14.Be2 O-O 15.O-O Nd7
16.a4 Nhf6 17.Nd2 Ne8 18.Nc4 Qe7 19.Qc2 Ne5 20.Nb6 Rb8 21.a5 Nd7 22.Nxc8 Rxc8
23.Rfe1 Be5 24.Ra4 Nc7 25.g3 Rfe8 26.f3 Bxc3 27.bxc3 Nxd5 28.Bf2 Nc7 29.Qd2 Nf8
30.Raa1 Rb8 31.Rab1 Red8 32.Bc4 Nd7 33.f4 b5 34.axb6 Nxb6 35.Bf1 a5 36.Qa2 a4
37.e5 d5 38.Qa3  1/2-1/2

[Event "Hotel Sajam 17 2016"]
[Site "Novi Sad SRB"]
[Date "2016.04.12"]
[Round "3.1"]
[White "Bozinovic,Bog"]
[Black "Sredojevic,I"]
[Result "1/2-1/2"]
[WhiteElo "2158"]
[BlackElo "2428"]

1.d4 Nf6 2.c4 c5 3.d5 e6 4.Nc3 exd5 5.cxd5 d6 6.Nf3 g6 7.h3 Bg7 8.e4 O-O
9.Bd3 a6 10.a4 Nbd7 11.O-O Rb8 12.Bf4 Ne8 13.Rc1 Qe7 14.Re1 Nc7 15.Bf1 Ne5
16.Nxe5 Bxe5 17.Bxe5 Qxe5 18.b4 cxb4 19.Na2 Ne8 20.Nxb4 Bd7 21.Qb3 Nf6 22.Nd3 Qd4
23.Rc4 Qa7 24.Qc3 Ne8 25.a5 Bb5 26.Rb4 Ng7 27.Qc7 Rbd8 28.Nb2 Rd7 29.Qc3 Bxf1
30.Kxf1 Re8 31.Qe3 Qb8 32.Qb6 Nh5 33.g3 Nf6 34.Qd4 Qd8 35.Nc4 Qe7 36.Re3 Rc8
37.Kg2 Rdc7 38.Nb6 Re8 39.Rc4 Rxc4 40.Nxc4 Rc8 41.Rf3 Nxe4 42.Re3 f5 43.f3 Qc7
44.fxe4 Qxc4 45.Qxc4 Rxc4 46.exf5 gxf5 47.Re6 Rc5 48.Rxd6 Rxa5 49.Kf3 Rb5
50.Kf4 Kf7 51.Kxf5 Ke7 52.Ke5 Rb1 53.Rh6 Re1+ 54.Kd4 Rd1+ 55.Kc5  1/2-1/2

[Event "Hotel Sajam 17 2016"]
[Site "Novi Sad SRB"]
[Date "2016.04.13"]
[Round "5.2"]
[White "Dobrov,V"]
[Black "Bozinovic,Bog"]
[Result "1-0"]
[WhiteElo "2523"]
[BlackElo "2158"]

1.d4 Nf6 2.c4 c5 3.d5 e6 4.Nc3 exd5 5.cxd5 d6 6.Nf3 g6 7.Bf4 a6 8.e4 b5 9.Qe2 Be7
10.Qc2 O-O 11.a4 b4 12.Nd1 Re8 13.Bd3 Nbd7 14.h3 Qc7 15.O-O Bf8 16.Ne3 b3
17.Qb1 Rb8 18.Nd2 Ne5 19.Be2 Rb4 20.Bg5 Bg7 21.f4 Ned7 22.e5 dxe5 23.f5 Bb7
24.Bc4 Rxc4 25.d6 Qxd6 26.Ndxc4 Qc7 27.fxg6 hxg6 28.Qd3 Ne4 29.Rxf7 Kxf7
30.Nd5 Qc6 31.Qxe4 Re6 32.Rf1+ Kg8 33.Rd1 Nb6 34.Na5 Qxd5 35.Rxd5 Bxd5 36.Qe3 c4
37.Qd2 Be4 38.Be3 Bd3 39.Nxb3 Nxa4 40.Qb4  1-0